Top 100 Greatest TV Series - Statistics

General Stats
  • This quiz has been taken 1,301 times
  • The average score is 15 of 100
Answer Stats
# Release TV Series % Correct
1 2008-2013 Breaking Bad
86%
4 1994-2004 Friends
73%
2 2011-2019 Game of Thrones
73%
11 2016-2025 Stranger Things
56%
5 1999-2007 The Sopranos
55%
55 2005-2013 The Office
48%
18 1989- The Simpsons
47%
14 2015-2022 Better Call Saul
46%
33 2010-2022 The Walking Dead
45%
46 2004-2012 House M.D.
44%
9 2004-2010 Lost
40%
45 2005-2017 Prison Break
40%
77 2005-2014 How I Met Your Mother
39%
48 2007-2019 The Big Bang Theory
38%
32 2006-2013 Dexter
36%
16 1999- Family Guy
36%
19 2002-2008 The Wire
36%
89 2009-2020 Modern Family
29%
7 1989-1998 Seinfeld
29%
49 1997- South Park
27%
13 2019 Chernobyl
24%
37 2013-2021 Brooklyn Nine-Nine
20%
8 2013-2018 House of Cards
20%
21 2013- Rick and Morty
19%
24 2013-2020 Vikings
19%
64 2007-2015 Mad Men
18%
100 2013-2019 Orange is the New Black
18%
60 2011- Black Mirror
17%
15 2015-2017 Narcos
17%
25 2019- The Boys
17%
82 2017-2021 Money Heist
16%
54 1997-2003 Oz
16%
88 2014-2020 BoJack Horsemen
15%
47 1994-2009 ER
15%
12 1993-2018 The X Files
15%
36 2014- True Detective
15%
61 2005- American Dad!
14%
23 2001 Band of Brothers
14%
17 2019-2015 Parks and Recreation
14%
76 2005-2020 Supernatural
14%
71 1999- Futurama
13%
95 1999- SpongeBob SquarePants
12%
28 2003-2015 Two and a Half Men
12%
92 2017-2022 Ozark
11%
94 2008-2014 Sons of Anarchy
11%
3 2019- The Mandalorian
11%
52 1997-2023 Buffy the Vampire Slayer
10%
40 2015-2019 Mr. Robot
10%
66 2011- American Horror Story
9%
91 2003-2019 Arrested Development
9%
50 2014-2024 Fargo
9%
90 2020 The Queen's Gambit
9%
27 2001-2010 24
8%
26 2016-2020 The Good Place
8%
84 2017-2020 13 Reasons Why
7%
44 2015-2018 Daredevil
7%
97 1990-1996 The Fresh Prince of Bel-Air
7%
10 2016-2022 Westworld
7%
34 2020-2023 Ted Lasso
6%
38 2011- Bob's Burgers
5%
56 1996-2005 Everybody Loves Raymond
5%
72 2016-2019 Fleabag
5%
22 2011-2020 Homeland
5%
63 2998-2006 That '70s Show
5%
35 2017-2025 The Handmaid's Tale
5%
85 2017-2019 The Punisher
5%
87 2008-2014 True Blood
5%
41 2010-2014 Boardwalk Empire
4%
62 2004-2006 Deadwood
4%
20 2005-2007 Rome
4%
58 2010 The Pacific
4%
39 2019-2024 The Umbrella Academy
4%
74 2013-2020 Agents of S.H.I.E.L.D.
3%
67 1989-2001 Baywatch
3%
80 2014-2019 Gotham
3%
69 2006-2010 Heroes
3%
96 2015-2019 Jessica Jones
3%
75 2010-2013 Spartacus
3%
93 2016-2018 Luke Cage
2%
42 1987-1994 Star Trek: The Next Generation
2%
6 1988-1993 The Wonder Years
2%
98 2001-2016 Alias
1%
81 2018-2020 Altered Carbon
1%
31 2016- American Crime Story
1%
53 1993-2011 Beavis and Butt-Head
1%
59 1999- Law and Order: Special Victims Unit
1%
83 1985-1992 MacGyver
1%
65 1960-1966 The Flinstones
1%
78 2014-2017 The Strain
1%
29 1992-1997 X-Men
1%
79 1990-2000 Beverley Hills, 90210
0%
57 2019-2022 His Dark Materials
0%
30 2017-2019 Legion
0%
73 2014-2016 Penny Dreadful
0%
43 1969-1978 Scooby Doo, Where Are You!
0%
51 2020-2024 Snowpiercer
0%
99 1989-1996 Tales from the Crypt
0%
70 2013-2015 The Following
0%
86 2017-2019 The Gifted
0%
68 2020 The Outsider
0%
No matching quizzes found
Score Distribution
Percent of People with Each Score
Percentile by Number Answered
Your Score History
You have not taken this quiz